[Event "GRE-chT 35th"]
[Site "Ermioni Argolidas"]
[Date "2006.07.05"]
[Round "3"]
[White "Papathanasiou, Panayotis"]
[Black "Sandalakis, Angelos"]
[Result "0-1"]
[WhiteElo "2169"]
[BlackElo "2220"]
[PlyCount "114"]
[EventDate "2006.07.03"]
[EventType "team"]
[EventRounds "9"]
[EventCountry "GRE"]
[SourceTitle "CBM 113 Extra"]
[Source "ChessBase"]
[SourceDate "2006.09.14"]
[SourceVersion "1"]
[SourceVersionDate "2006.09.14"]
[SourceQuality "1"]

1. e4 c5 2. Nc3 e6 3. Nf3 a6 4. d4 cxd4 5. Nxd4 Qc7 6. Bd3 Nf6 7. 0-0 Be7 8. Qe2 d6 9. Kh1 Nbd7 10. f4 0-0 11. Nb3 b5 12. a3 Bb7 13. Bd2 e5 14. Rae1 Rac8 15. Qf3 exf4 16. Bxf4 Ne5 17. Qd1 Rfe8 18. Nd4 Bf8 19. Bg5 Nfd7 20. Nf5 Nc5 21. Re3 Ne6 22. Bh4 f6 23. Ree1 Bc6 24. Ne3 Ng6 25. Bg3 Qd8 26. Ncd5 Nc5 27. Ng4 Bxd5 28. exd5 Nxd3 29. Qxd3 Rxe1 30. Rxe1 Ne5 31. Nxe5 dxe5 32. Bf2 Qc7 33. Qf5 Qxc2 34. Qe6+ Kh8 35. Bg3 Rd8 36. Bh4 Qc8 37. Qc6 Qxc6 38. dxc6 Bd6 39. Rc1 Bc7 40. Be1 Kg8 41. Kg1 Kf7 42. Kf2 Ke6 43. a4 bxa4 44. Bb4 Rb8 45. Ba3 f5 46. h3 Rd8 47. Ke2 g6 48. Rc2 a5 49. Rc1 Rc8 50. Rd1 Bb8 51. Rc1 Ba7 52. c7 Kd7 53. Rd1+ Kxc7 54. Bd6+ Kb7 55. Bxe5 Re8 56. Rd5 Kc6 57. Rxa5 Bb6 0-1

[Event "Nikaia op 11th"]
[Site "Nikaia"]
[Date "2003.08.19"]
[Round "4"]
[White "Alexiou, Panagiotis"]
[Black "Papathanasiou, Panayotis"]
[Result "1-0"]
[WhiteElo "1780"]
[BlackElo "2167"]
[PlyCount "73"]
[EventDate "2003.08.17"]
[EventType "swiss"]
[EventRounds "9"]
[EventCountry "GRE"]
[SourceTitle "EXT 2005"]
[Source "ChessBase"]
[SourceDate "2004.11.15"]
[SourceVersion "1"]
[SourceVersionDate "2004.11.15"]
[SourceQuality "1"]

1. e4 g6 2. Nf3 Bg7 3. d4 d6 4. c4 Nf6 5. Nc3 0-0 6. Be2 e5 7. Be3 Nc6 8. 0-0 Ng4 9. Bg5 f6 10. Bh4 g5 11. Bg3 h5 12. h3 Nh6 13. dxe5 fxe5 14. Qd2 h4 15. Bh2 g4 16. hxg4 Bxg4 17. c5 h3 18. Bc4+ Kh8 19. Ng5 hxg2 20. Kxg2 Nd4 21. f3 Bd7 22. Bg3 Qf6 23. Nd5 Qg6 24. Ne7 Qe8 25. Nd5 Ne6 26. Nxe6 Qxe6 27. Rh1 c6 28. cxd6 cxd5 29. Bxd5 Qg6 30. Rag1 Rf6 31. Kf2 Qe8 32. Qg5 Rg6 33. Rxh6+ Rxh6 34. Qxg7+ Kxg7 35. Bxe5+ Kh7 36. Rg7+ Kh8 37. Rxd7+ 1-0

[Event "GRE-chT"]
[Site "Greece"]
[Date "2001.??.??"]
[Round "1"]
[White "Vouldis, Angelos"]
[Black "Papathanasiou, Panayotis"]
[Result "1-0"]
[WhiteElo "2497"]
[BlackElo "2172"]
[PlyCount "83"]
[EventDate "2001.??.??"]
[EventType "team"]
[EventRounds "8"]
[EventCountry "GRE"]
[SourceTitle "EXT 2003"]
[Source "ChessBase"]
[SourceDate "2002.11.25"]
[SourceVersion "1"]
[SourceVersionDate "2002.11.25"]
[SourceQuality "1"]

1. e4 g6 2. d4 d6 3. Nc3 Bg7 4. Be3 a6 5. Nf3 Nf6 6. Qd2 b5 7. Bh6 Bxh6 8. Qxh6 b4 9. Nd5 Nxe4 10. Qg7 Kd7 11. Qxf7 Qf8 12. Qxf8 Rxf8 13. Nxb4 Bb7 14. Be2 Nc6 15. Nxc6 Bxc6 16. 0-0 Rab8 17. Rab1 g5 18. Rfe1 Rf4 19. Bd3 Rbf8 20. Re2 Nxf2 21. Rxf2 g4 22. c3 gxf3 23. g3 R4f7 24. Re1 Bd5 25. b3 Be6 26. Bxa6 Bg4 27. Bf1 h5 28. h3 Be6 29. c4 c6 30. Kh2 h4 31. gxh4 Rf4 32. Re3 Rxd4 33. Rexf3 Rxf3 34. Rxf3 Rd2+ 35. Kg3 Rxa2 36. h5 Ra5 37. Kh4 Ke8 38. Bd3 d5 39. h6 Ra8 40. h7 Kd7 41. Kg5 dxc4 42. bxc4 1-0

[Event "Bouzakis Memorial-C"]
[Site "Chania"]
[Date "2000.08.23"]
[Round "4"]
[White "Papathanasiou, Panayotis"]
[Black "Rizos, Georgios"]
[Result "1-0"]
[WhiteElo "2175"]
[BlackElo "1870"]
[PlyCount "81"]
[EventDate "2000.08.20"]
[EventType "tourn"]
[EventRounds "9"]
[EventCountry "GRE"]
[SourceTitle "EXT 2004"]
[Source "ChessBase"]
[SourceDate "2003.11.25"]
[SourceVersion "1"]
[SourceVersionDate "2003.11.25"]
[SourceQuality "1"]

1. e4 c5 2. Nf3 d6 3. d4 Nf6 4. Nc3 cxd4 5. Nxd4 g6 6. Be3 Bg7 7. f3 Nc6 8. Qd2 0-0 9. Bc4 Bd7 10. Nxc6 Bxc6 11. Bh6 Qb6 12. 0-0-0 Bh8 13. Bxf8 Kxf8 14. g4 Qc7 15. Bd5 Rc8 16. Bb3 b5 17. Qf4 a5 18. a4 bxa4 19. Nxa4 Rb8 20. Nc3 a4 21. Bxa4 Bxa4 22. Nxa4 Qa5 23. b3 Qb4 24. Qe3 Ra8 25. Qd4 Qa3+ 26. Kd2 Rb8 27. Ra1 Qb4+ 28. Qxb4 Rxb4 29. c3 Rb8 30. b4 Nd7 31. Nb2 Ne5 32. Ke2 Ke8 33. Ra3 Bf6 34. Rha1 Kd7 35. Ra7+ Ke6 36. Rc7 g5 37. Raa7 Ng6 38. Nd3 Nf4+ 39. Nxf4+ gxf4 40. Kd3 Be5 41. Rxe7+ 1-0